000 00577nam a22001817a 4500
005 20251108173626.0
008 250721s2001 xx 000 0 ara d
082 1 4 _aط/216.2/جمي
100 1 _aبن جميل، محمود
245 1 0 _aالمختارة في أركان الاسلام من صحيحه العلامة الألباني /
264 1 _aالقاهرة :
_bمكتبة الصفا،
_c2001.
300 _a80ص.
650 1 7 _aالاسلام
650 1 7 _aالعبادة
653 _aناشئون صغار (10-14سنة)
942 _2ddc
_cBK
999 _c108421
_d108421